00897nam a2200229Ia 4500001000700000003000500007005001700012008004100029010001100070020002200081040001200103082001700115245017500132260004900307300007900356500007800435503001700513504003300530700003600563700003400599700003400633Z_6337CHAP20230321143327.0220113ns.f. ck aod f 001 0 und d a169592 a978-958-736-016-5 aZcCHAP a636.0824 I5300aInseminación y transferencia de embriones en animales de granja /ceditores Felipe Durán Ramírez y Edwin Zambrano Pineda; revición técnica Daniel Felipe Latorre aColombia :bGrupo Latino Ediotres,c[s. f.]  a521 páginas : bilustraciones, fotografías, gráficas, tablase+ 1 CD aIlustraciones y fotografías: Banco de imágenes Grupo Latino Editores aej.1: 262213 aBibliografía: página 511 aDurán Ramírez, Felipe, ed.  a Zambrano Pineda, Edwin, ed.  a Latorre, Daniel Felipe, rev.